书目信息 |
| 题名: |
人一生要读的60篇演讲词
|
|
| 作者: | 林肯 著 | |
| 分册: | ||
| 出版信息: | 北京 华文出版社 2009.01 |
|
| 页数: | 197页 | |
| 开本: | 24cm | |
| 丛书名: | 图说经典 | |
| 单 册: | ||
| 中图分类: | I106.6 | |
| 科图分类: | ||
| 主题词: | 演讲--鉴赏--世界 | |
| 电子资源: | ||
| ISBN: | 978-7-5075-2557-1 | |
| 000 | 00837oam2 2200253 450 | |
| 001 | 0102100426 | |
| 005 | 20210402100822.0 | |
| 010 | @a978-7-5075-2557-1@dCNY32.90 | |
| 100 | @a20090330e20202009em y0chiy0110 ea | |
| 101 | 1 | @achi@ceng |
| 102 | @aCN@b110000 | |
| 105 | @aa z 000yy | |
| 106 | @ar | |
| 200 | 1 | @a人一生要读的60篇演讲词@ARen Yi Sheng Yao Du De 60 Pian Yan Jiang Ci@f(美)林肯等著 |
| 210 | @a北京@c华文出版社@d2009.01@h2020.04 | |
| 215 | @a197页@c图@d24cm | |
| 225 | 2 | @a图说经典 |
| 330 | @a一个人在其一生中,阅读一定数量的优秀演讲词,在领略演讲词的精彩语言和严谨思维的同时,体会演讲是者所阐述的人生与社会哲理,了解历史和文化。 | |
| 461 | 0 | @12001 @a图说经典 |
| 606 | 0 | @a演讲@x鉴赏@y世界 |
| 690 | @aI106.6@v5 | |
| 701 | 1 | @a林肯@ALin Ken@4著 |
| 801 | 0 | @aCN@bBJSZM@c20210402 |
| 905 | @b1276610-4@dI106.6@e305@f5 | |
| 人一生要读的60篇演讲词/(美)林肯等著.-北京:华文出版社,2009.01(2020.04) |
| 197页:图;24cm.-(图说经典) |
| ISBN 978-7-5075-2557-1:CNY32.90 |
| 一个人在其一生中,阅读一定数量的优秀演讲词,在领略演讲词的精彩语言和严谨思维的同时,体会演讲是者所阐述的人生与社会哲理,了解历史和文化。 |
| ● |
| 相关链接 |
|
|
|
|
正题名:人一生要读的60篇演讲词
索取号:I106.6/305
 
预约/预借
| 序号 | 登录号 | 条形码 | 馆藏地/架位号 | 状态 | 备注 |
| 1 | 1276610 | 212766103 | 第一样本阅览室/ [索取号:I106.6/305] | 在馆 | |
| 2 | 1276611 | 212766112 | 教育系资料室/ [索取号:I106.6/305] | 在馆 | |
| 3 | 1276612 | 212766121 | 教育系资料室/ [索取号:I106.6/305] | 在馆 | |
| 4 | 1276613 | 212766130 | 第二借阅区/ [索取号:I106.6/305] | 在馆 | |
| 5 | 1276614 | 212766149 | 第二借阅区/ [索取号:I106.6/305] | 在馆 |